[Event "IND-ch U11 Girls"]
[Site "Sivagangai Tamilnadu"]
[Date "2018.07.28"]
[Round "1.2"]
[White "Sagar, Siya"]
[Black "Srilaxmi, Kamat"]
[Result "1-0"]
[WhiteElo "1522"]
[BlackElo "1024"]
[PlyCount "135"]
[EventDate "2018.07.28"]
[EventType "swiss"]
[EventRounds "11"]
[EventCountry "IND"]
[SourceTitle "EXT 2024"]
[Source "ChessBase"]
[SourceDate "2023.10.10"]
[SourceVersion "1"]
[SourceVersionDate "2023.10.10"]
[SourceQuality "1"]

1. e4 e5 2. Nf3 Nc6 3. Bb5 Nf6 4. 0-0 d6 5. d4 Bd7 6. Bxc6 Bxc6 7. dxe5 dxe5 8. Qxd8+ Rxd8 9. Nxe5 Bxe4 10. Re1 Be7 11. c3 0-0 12. Nd2 Bf5 13. Ndf3 Bd6 14. Bf4 Rfe8 15. Rad1 h6 16. h3 Re7 17. Bg3 Rde8 18. Kf1 Be4 19. Nc4 Bxg3 20. fxg3 Bxf3 21. gxf3 b6 22. Rxe7 Rxe7 23. Rd8+ Kh7 24. Kf2 Ne8 25. Ne3 Nd6 26. Nd5 Re5 27. Nxc7 Nb5 28. Rd5 Rxd5 29. Nxd5 Kg6 30. Ke3 Kf5 31. a4 Nd6 32. Kd4 Ke6 33. Nc7+ Kd7 34. Nb5 Nxb5+ 35. axb5 Kd6 36. c4 f6 37. b4 g6 38. c5+ Ke6 39. Ke4 h5 40. h4 g5 41. f4 g4 42. c6 f5+ 43. Kd4 Kd6 44. c7 Kxc7 45. Ke5 Kb7 46. Kxf5 a5 47. bxa6+ Kxa6 48. Kg5 Kb5 49. f5 Kxb4 50. f6 Ka4 51. f7 b5 52. f8Q b4 53. Qf1 b3 54. Qb1 Ka3 55. Kf4 b2 56. Ke3 Kb3 57. Kd3 Kb4 58. Qxb2+ Kc5 59. Qd4+ Kc6 60. Qe5 Kd7 61. Qf6 Kc7 62. Qe6 Kb7 63. Kc4 Kc7 64. Kc5 Kb7 65. Qb6+ Ka8 66. Qb1 Ka7 67. Kc6 Ka8 68. Qb7# 1-0